000 00450nam a2200181 a 4500
001 3681
003 MO
005 20170314090503.0
008 061002s19uu xx 00 eng d
020 _a0-14-032869-6
050 _aTR
_bD11 1973
100 _aDahl, Roald
245 _aCharlie and the chocolate factory /
_cby Roald Dahl.
260 _aU.S.A :
_bPuffin books,
_cc1973.
300 _a161 p. ; cm.
942 _2ddc
_cBK
999 _c110700
_d110700